000 00525nam a22001937a 4500
999 _c3809
_d3766
008 190819b o|||| |||| 00| |deng d
020 _a9789758855858
041 _atur
050 _aPL248.T47
100 _91134
_aTeoman, Ali
245 _a Gezgin Günce: : Britanya Defterleri/2008
250 _a1.Baskı
260 _aİstanbul:
_bKırmızı Yayınları,
_cŞubat 2011
300 _a206 Sayfa
650 0 _9145
_aTürk Edebiyatı
650 0 _91685
_aGünlükler
650 0 _91684
_aGezi Yazıları
942 _2lcc
_cBK